| 000 | 00561nam a2200157 a 4500 | ||
|---|---|---|---|
| 008 | 120416s1994 ||||||||||||||||| || u | ||
| 020 | _a0750303018 | ||
| 050 | _aQC 776 Hey | ||
| 100 | _aHeyde, K | ||
| 245 | 1 | 0 | _aBasic ideas and concepts in nuclear physics: an introductory approach |
| 260 |
_aBristol _bIOP publishing Ltd _c1994 |
||
| 350 | _a0.00 | ||
| 650 | 0 | _aPHYSICS | |
| 650 | _aNUCLEAR PHYSICS | ||
| 995 |
_D0.00 _FCBU-MAIN LIBRARY (Kitwe) _H1 _I14.95 _M1 _UAVAILABLE _ZMain Library Open Access Collection |
||
| 999 |
_c35567 _d35567 |
||